Word Ladder: Not False Quiz Stats

 Plays Quiz Updated Nov 3, 2013

Support Sporcle.
Go Orange.
Score 0/16 Timer 02:00
0 Plays Today
Hint 4-Letter Word % Correct
Actor PittBRAD
96.7%
✔ False's opposite ✔TRUE
95.7%
✔ Fake's opposite ✔REAL
93.9%
Peruse a bookREAD
92.2%
Take quickly with your handGRAB
91.8%
To touch somethingFEEL
90.9%
Food, slangilyGRUB
90.6%
Necklace componentBEAD
89.6%
Hint 4-Letter Word % Correct
Alum, perhapsGRAD
88.7%
Spool or coilREEL
86.9%
Participate in Lent, perhapsFAST
83%
Predator in ZorkGRUE
81.8%
Bring down a treeFELL
81.5%
Cloth made of woolFELT
77.2%
Term for a partyFEST
71.8%
✔ Opinion's opposite ✔FACT
57.5%

Today's Daily Dose

Missing Word
'80s Musicals

Word Ladder
Hereditary

Get the Picture
Food Names

From the Vault

Fictional Logos: TV Edition

by Hejman

There are honestly some products in here that we'd like to buy.
Remove Ads.
Support Sporcle.
Get the best of Sporcle when you Go Orange. This ad-free experience offers more features, more stats, and more fun while also helping to support Sporcle. Thank you for becoming a member.

Show Comments

Extras

Top Quizzes Today


Score Distribution

Your Account Isn't Verified!

In order to create a playlist on Sporcle, you need to verify the email address you used during registration. Go to your Sporcle Settings to finish the process.

Report this User

Report this user for behavior that violates our Community Guidelines.

Details: